000 00469nam a2200181Ia 4500
003 GCL
008 140319s9999 xx 000 0 ara d
040 _aGCL /
_cGCL
082 0 4 _a812.008
_bن ا
100 1 _aنبيل فاضل
245 1 0 _aادهم الشرقاوى /
_cنبيل فاضل
700 1 _aكامل يوسف
300 _a126 ص
490 _a
650 0 4 _aالادب العربى
650 0 4 _aالمسرحيات العربية
942 _2ddc
_cBK
999 _c39495
_d39495